United Republic of Tanzania : Poverty Reduction Strategy Paper; Joint Staff Advisory Note.

This paper presents Joint Staff Advisory Note on the United Republic of Tanzania's Poverty Reduction Strategy. Tanzania has already achieved the Millennium Development Goals for universal primary education, and significant progress has been made in reducing income poverty, malnutrition, child m...

Deskribapen osoa

Xehetasun bibliografikoak
Erakunde egilea: International Monetary Fund
Formatua: Aldizkaria
Hizkuntza:English
Argitaratua: Washington, D.C. : International Monetary Fund, 2006.
Saila:IMF Staff Country Reports; Country Report ; No. 2006/144
Sarrera elektronikoa:Full text available on IMF
LEADER 01660cas a2200241 a 4500
001 AALejournalIMF009042
008 230101c9999 xx r poo 0 0eng d
020 |c 5.00 USD 
020 |z 9781451838480 
022 |a 1934-7685 
040 |a BD-DhAAL  |c BD-DhAAL 
110 2 |a International Monetary Fund. 
245 1 0 |a United Republic of Tanzania :   |b Poverty Reduction Strategy Paper; Joint Staff Advisory Note. 
264 1 |a Washington, D.C. :  |b International Monetary Fund,  |c 2006. 
300 |a 1 online resource (11 pages) 
490 1 |a IMF Staff Country Reports 
500 |a <strong>Off-Campus Access:</strong> No User ID or Password Required 
500 |a <strong>On-Campus Access:</strong> No User ID or Password Required 
506 |a Electronic access restricted to authorized BRAC University faculty, staff and students 
520 3 |a This paper presents Joint Staff Advisory Note on the United Republic of Tanzania's Poverty Reduction Strategy. Tanzania has already achieved the Millennium Development Goals for universal primary education, and significant progress has been made in reducing income poverty, malnutrition, child mortality, and gender inequality in primary education. Improving agricultural productivity requires making progress with implementing the agricultural sector strategy, promoting innovation, value addition and crop and region-specific approaches, and removing obstacles to doing business. 
538 |a Mode of access: Internet 
830 0 |a IMF Staff Country Reports; Country Report ;  |v No. 2006/144 
856 4 0 |z Full text available on IMF  |u http://elibrary.imf.org/view/journals/002/2006/144/002.2006.issue-144-en.xml  |z IMF e-Library